000 05009nam a2201801 c 4500
001 a6569621
003 SpMaBN
005 20250813170012.0
008 190930s2019 sp | |||| 001 0 spa
020 _a9788491134732
040 _aPE-LiUPU
_bspa
_cPE-LiUPU
_erda
041 1 _aspa
_heng
082 _223
_a610.7368
_bH197v
100 1 _aHalter, Margaret Jordan
_eautor
_4aut
240 1 0 _aVarcarolis' manual of psychiatric nursing care planning
_lEspañol
245 1 0 _aVarcarolis, manual de planes de cuidado en enfermería psiquiátrica :
_bun enfoque interprofesional /
_cMargaret Jordan Halter ; colaboradores, Leslie A. Folds, Phyllis M. Jacobs, Susan Justice, Chris Paxos
250 _aSexta edición
264 1 _aBarcelona, España :
_bElsevier,
_c[2019]
264 4 _c©2019
300 _aXVI, 521 páginas
_c19 cm
336 _aTexto
_2rdacontent
337 _asin mediación
_2rdamedia
338 _avolumen
_2rdacarrier
504 _aBibliografía: páginas 437-441. Índice
505 _aFundamentos de enfermería psiquiátrica: El proceso de enfermería -- Relaciones terapéuticas -- Comunicación terapéutica -- Cuidados de enfermería: Trastornos del neurodesarrollo -- Trastornos del espectro de la esquizofrenia -- Trastornos bipolares -- Trastornos depresivos -- Trastornos de ansiedad y obsesivo-compulsivo -- Trastornos relacionados con traumas -- Trastornos dela conducta alimentaria y de la ingesta de alimentos -- Trastornos del sueño --Trastornos por consumo de sustancias -- Trastornos neurocognitivos -- Trastornos de la personalidad -- Crisis psiquiátricas: Duelo -- Suicidio -- Intervención en crisis -- Ira agresividad y violencia -- Violencia familiar -- Violencia sexual -- Psicofarmacología: Fármacos para trastorno por déficit de atención/hiperactividad -- Fármacos antipsicóticos -- Estabilizadores del estado de ánimo -- Antidepresivos -- Fármacos contra la ansiedad -- Fármacos hipnóticos -- Fármacos para los trastornos por consjmo de sustancias -- Fármacos neurocognitivos -- Enfoques no farmacológicos: Modelos psicoterapéuticos -- Terapias de estimulación cerebral.
526 _aP203
526 _aP200
526 _aSEG65
526 _aSEG64
526 _aSEG63
526 _aSEG62
526 _aSEG61
526 _aSEG60
526 _aSEG59
526 _aSEG58
526 _aSEG57
526 _aSEG56
526 _aSEG55
526 _aSEG54
526 _aSEG53
526 _aSEG52
526 _aSEG51
526 _aSEG50
526 _aSEG49
526 _aSEG48
526 _aSEG47
526 _aSEG46
526 _aSEG24
526 _aSEG23
526 _aSEG22
526 _aSEG21
526 _aSEG20
526 _aSEG19
526 _aSEG18
526 _aSEG17
526 _aSEG16
526 _aSEG14
526 _aSEG13
526 _aSEG12
526 _aSEG11
526 _aSEG10
526 _aSEG09
526 _aSEG06
526 _aSEG05
526 _aSEG04
526 _aSEG03
526 _aSEG02
526 _aSEG68
526 _aSEG66
526 _aSEG45
526 _aSEG25
526 _aSEG01
526 _aP163
526 _aP162
526 _aP161
526 _aP160
526 _aP159
526 _aP158
526 _aP157
526 _aP156
526 _aP155
526 _aP154
526 _aP153
526 _aP152
526 _aP151
526 _aP150
526 _aP149
526 _aP142
526 _aP141
526 _aP140
526 _aP139
526 _aP138
526 _aP137
526 _aP132
526 _aP131
526 _aP130
526 _aP126
526 _aP125
526 _aP124
526 _aP123
526 _aP115
526 _aP122
526 _aP121
526 _aP116
526 _a P114
526 _aP112
526 _aP111
526 _aP104
526 _aP103
526 _aP102
526 _aP101
526 _aP100
526 _aP96
526 _aP95
526 _aP93
526 _aP92
526 _aP91
526 _aP88
526 _aP83
526 _aP82
526 _aP79
526 _aP78
526 _aP75
526 _aP74
526 _aP71
526 _aP69
526 _a P51
526 _aP49
526 _aP48
526 _aP47
526 _aP33
526 _aP31
526 _a P30
526 _aP29
526 _aP27
526 _aP26
526 _aP25
526 _aP24
526 _a P22
526 _aP10
526 _aP09
526 _a P08
526 _aP06
526 _aP05
526 _aP04
526 _aP01
530 _aDisponible también en formato digital
650 7 _aEnfermería psiquiátrica
_2embne
700 1 _aVarcarolis, Elizabeth M.
_eautor
_4aut
942 _2ddc
_cBK
_n0
956 _a2
980 _618226
_aJaime Vilcazán Jefe de Análisis Documental
_81
_gALBERTO SANCHEZ Responsable de Automatización
999 _c61632
_d61632